| 000 | 00547nam a2200157 i 4500 | ||
|---|---|---|---|
| 001 | 68759 | ||
| 003 | ES-MaACL | ||
| 005 | 20230906170344.0 | ||
| 007 | t| | ||
| 008 | 040707s1886 sp ||||1| spa d | ||
| 100 | 1 |
_aMalvar, Eduardo. _975887 |
|
| 245 | 1 | 3 |
_aEl crimen de Javerne _b: drama en cuatro actos y en prosa / _cde ... Eduardo Malvar y Benito Chas de Lamotte. |
| 260 |
_aMadrid : _b[s.n.], _c1886 ( _fImp. de José RodrÃguez) |
||
| 700 | 1 |
_aChas de Lamotte, Benito. _938146 |
|
| 852 |
_aES-MaACL _jD-2521(2) _q. - Encuadernado con otras obras |
||
| 999 |
_c68759 _d68759 |
||